France Tile Select - Statistics

General Stats
  • This quiz has been taken 59 times
  • The average score is 33 of 45
Answer Stats
Question Tile Select % Correct
presidents of France Justin Trudeau No
91%
presidents of France Charles de Gaulle Yes
89%
regions of France Gaul No
89%
cities in France Bruges No
88%
books originally in French War and Peace No
88%
monuments in France No
86%
presidents of France Marine Le Pen No
86%
monuments in France No
84%
monuments in France Yes
84%
presidents of France Jacques Chirac Yes
84%
regions of France Normandy Yes
84%
cities in France Seville No
84%
monuments in France No
82%
presidents of France Louis XIV No
82%
books originally in French One Hundred Years of Solitude No
80%
monuments in France Yes
79%
monuments in France No
79%
regions of France Brittany Yes
79%
presidents of France Charles Michel No
79%
books originally in French Cyrano de Bergerac Yes
79%
books originally in French Divine Comedy No
79%
books originally in French The Three Musketeers Yes
79%
regions of France Avignon No
77%
presidents of France Nicolas de Rivière No
77%
books originally in French The Little Prince Yes
77%
presidents of France Georges Pompidou Yes
75%
cities in France Lausanne No
75%
cities in France Rouen Yes
75%
cities in France Strasbourg Yes
75%
cities in France Liège No
73%
regions of France Basque No
71%
regions of France Pays de la Loire Yes
71%
cities in France Le Havre Yes
68%
cities in France Toulon Yes
66%
monuments in France No
64%
monuments in France Yes
64%
cities in France Grenoble Yes
64%
regions of France Paris No
64%
books originally in French Twenty Thousand Leagues Under the Sea Yes
63%
regions of France Grand Est Yes
61%
regions of France Occitanie Yes
59%
presidents of France Louis-Napoléon Bonaparte Yes
46%
books originally in French In Search of Lost Time Yes
41%
books originally in French The Phantom of the Opera Yes
39%
monuments in France No
21%
No matching quizzes found
Score Distribution
Percent of People with Each Score
Percentile by Number Answered
Your Score History
You have not taken this quiz